000 00538nam a2200169 4500
001 138039
003 ES-MaACL
005 20230906195506.0
007 t|
008 070214s1927 sp r ||||1| spa d
080 _a821.134.2-14"19"
100 1 _aSánchez Madrigal, Ricardo.
_9102742
245 1 0 _aFlores de Murcia :
_bselección póstuma de poesías /
_cRicardo Sánchez Madrigal.
260 _aMurcia :
_b[s. n.],
_c1927 (
_fTip. San Francisco)
300 _aXIV, 240 p. :
_bretr. autor ;
_c22 x 14 cm.
852 _aES-MaACL
_jF-7362
999 _c138039
_d138039